000 01826nas a2200277Ia 4500
001 R050-S3223
003 IT-CnALBA
008 170116c99999999xx |||||||||||| ||und||
040 _aIT-CnALBA
_cIT-CnALBA
041 _aITALIANO
100 _aLAITI GIUSEPPE
210 _aEVANGELIZZARE
222 _aEVANGELIZZARE
245 0 _aEVANGELIZZARE. N. 5. NUOVA SERIE. MAGGIO 1984. PER ANIMATORI DI CATECHESI. COSCIENZA MORALE DELLA PASQUA DEL SIGNO
_b PER ANIMATORI DI CATECHESI
250 _a1a ed.
260 _a BOLOGNA - NAPOLI
_bDEHONIANE EDIZIONI
_c1984 [1° Ed.:1984 - Ed.Ling.Originale: 1984]
300 _a64 p.
310 _aMENSILE
362 _aFascicolo: 5 / Anno: 8 (1984)
500 _aCATECHESI E LITURGIA. PREGHIERA. PAROLE DELLE ULTIME REALTÀ. VITA E MORTE PER FAME. INSEGNAMENTO RELIGIONE. RICHIESA SEGNO DA UNA GENERAZIONE SENZA FEDE. NUOVA VISIONE DELL'UOMO. SEGRETO DEKLLA COSCIENZA. PASQUA E COSCIENZA CRISTIANA. MONDO IN CAMMINO VERSO IL PADRE. MORALE NUOVI CATECHISMI. FATICA DELLA VERIFICA. BRODOLONI P.G. CONVEGNO E MOLTI INTERROGATIVI. INTERVISTA A MAGRASSI M. DI U. STEFANI SU CATECHESI E LITURGIA. SCHEDA SULLA PREGHIERA.
501 _aSocietà San Paolo EM - Piazza San Paolo, 14 - 12051 ALBA (CN) (non commercial uses only) ® Copyright 2017
520 _aCATECHESI E LITURGIA. PREGHIERA. PAROLE DELLE ULTIME REALTÀ. VITA E MORTE PER FAME. INSEGNAMENTO RELIGIONE. RICHIESA SEGNO DA UNA GENERAZIONE SENZA FEDE. NUOVA VISIONE DELL'UOMO. SEGRETO DEKLLA COSCIENZA. PASQUA E COSCIENZA CRISTIANA. MONDO IN CAMMINO VERSO IL PADRE. MORALE NUOVI CATECHISMI. FATICA DELLA VERIFICA. BRODOLONI P.G. CONVEGNO E MOLTI INTERROGATIVI. INTERVISTA A MAGRASSI M. DI U. STEFANI SU CATECHESI E LITURGIA. SCHEDA SULLA PREGHIERA.
650 _aMISCELLANEA DI RELIGIONE
942 _cCR
957 _71
999 _a65113
_bNO
_g1
_c331809
_d331809